| 000 | 00920nam a2200301 a 4500 | ||
|---|---|---|---|
| 001 | vtls001528671 | ||
| 003 | NLI | ||
| 005 | 20210627144831.0 | ||
| 008 | 121212s1946 nyu 001 0 eng | ||
| 039 | 9 |
_y201212121618 _zVLOAD |
|
| 040 | 0 |
_aNLI _beng _cXData_1 _eAACR2 |
|
| 041 | 0 | _aeng | |
| 044 | _anyu | ||
| 082 | _a149115 | ||
| 100 | 1 |
_aHarrison, Shelby M. _9758977 |
|
| 245 | 1 | 0 |
_aAmerican foundations for social welfare / _cby Shelby M. Harrison [and] F. Emerson Andrews |
| 260 |
_aNew York : _bRusell Sage Foundation, _c1946 |
||
| 300 |
_a249 p. ; _c23 cm. |
||
| 500 | _aIncludes index | ||
| 650 | 0 |
_aCharities _9757296 |
|
| 650 | 0 |
_aCharitable uses, trusts, and foundations _9757297 |
|
| 700 | 1 |
_aAndrews, F. Emerson, _4jt. aut _9758978 |
|
| 887 | _a | ||
| 901 |
_aIMP299293 _b21.05.1954 |
||
| 902 | _a149 C 115 | ||
| 949 |
_AVIRTUAITEM _D10000 _X100 _6IMP000299293ENG |
||
| 942 |
_2ddc _cBKS |
||
| 999 |
_aVIRTUA40 _c977970 _d977970 |
||